000 00215nam a2200097Ia 4500
008 190216s9999||||xx |||||||||||||| ||und||
100 _aTerjaneev
245 0 _aMalayalam-Roodin
260 _bNbs Kottayam
942 _cBK
999 _c30316
_d30316